Annual Report 2022 Joint Research Centre

Gespeichert in:
Bibliographische Detailangaben
Körperschaft: European Commission
Format: Buch
Sprache:Englisch
Veröffentlicht: Luxembourg Publications Office of the European Union 2023
Schlagworte:
Tags: Tag hinzufügen
Keine Tags, Fügen Sie das erste Tag hinzu!

MARC

LEADER 00000nam a2200000 4500
001 0313125
005 20251125103259.5
020 |a 978-92-76-60461-7 
020 |a 978-92-76-60462-4 
041 0 |a eng 
044 |a LU 
245 1 0 |a Annual Report 2022  |b Joint Research Centre 
264 1 |a Luxembourg  |b Publications Office of the European Union  |c 2023 
300 |a 53 s. 
610 2 0 |a politika medzinárodná 
610 2 0 |a Európska zelená dohoda 
610 2 0 |a politika environmentálna 
610 2 0 |a spoločnosť informačná 
610 2 0 |a bezpečnosť energetická 
610 2 0 |a demokracia 
610 2 0 |a Ukrajina 
710 2 |a European Commission